000 00645nam a2200217Ia 4500
003 OSt
005 20220923221308.0
006 a|||||r|||| 00| 0
007 ta
008 220922b |||||||| |||| 00| 0 hin d
024 _a196,700
037 _cTextual
040 _aARTS
_cARTS
_bhin
041 _2hin
_ahin
082 _aP152, H8
100 _aवाजपेयी, किशोरीदास
245 0 _aअच्छी हिन्दी कानमूना
246 _aAchchhī hindī kānamūnā
942 _hP152, H8
_cTEXL
_2CC
999 _c348571
_d348571